000 00600nam a2200217Ia 4500
003 OSt
005 20220925215337.0
006 a|||||r|||| 00| 0
007 ta
008 220923b |||||||| |||| 00| 0 eng d
037 _cGeneral Book
040 _aRTL
_cRTL
_beng
041 _2eng
_aeng
082 _aX:9.561.N64<N63r, K6
245 0 _aAntigua
_b Report for the years 1963 and 1964.
260 _aLondon
_bHer Majesty
_c1966
300 _a61p.
_ccm.
500 _aAppendix :60-61p.
942 _hX:9.561.N64<N63r, K6
_cGB
_2CC
999 _c568562
_d568562